MARC

LEADER 00000nam0a2200000 4500
001 138845
005 20231031141548.0
020 |a RU  |b 84-11758 
035 |a (RuTPU)RU\TPU\book\150425 
090 |a 138845 
100 |a 20080530g1984 m a0rusy5003 ca 
101 0 |a rus 
102 |a RU 
105 |a c z 000ay 
200 1 |a Сотворение мира  |e Роман  |h Кн. 1.  |f В. А. Закруткин 
210 |a Москва  |c Советский писатель  |d 1984 
215 |d 20 см  |a 480 с.  |c портр. 
225 1 |a Библиотека произведений, удостоенных Гос. премий СССР 
610 1 |a СССР - История (х. л.) 
610 1 |a романы 
675 |a Р2  |z rus 
700 1 |a Закруткин  |b В. А.  |g Виталий Александрович  |4 070 
801 0 |a RU  |b RuMRKP  |c 19950704  |g psbo 
801 1 |a RU  |b 63413507  |c 20080530  |g PSBO 
801 2 |a RU  |b 63413507  |c 20080530  |g PSBO 
942 |c BK